00285nam a2200109Ia 4500008004100000040001700041041001200058082001600070100002000086245005800106300001100164230917s9999||||xx |||||||||||||| ||und|| e205185aMAIN aEnglish a954.02 S15M aSubhash Chandra 0aMadhyakaleen Bharat mein das-pratha (1206-1526 Ishvi) a189 p.